00682nam a2200229 a 4500001001300000003000900013005001700022008004100039020000900080082001800089100001900107245004800126260004900174300000900223500003500232650002000267700001900287902000800306942000700314952011600321999001500437nice12345678IN_TiNIC20260116011532.0050524s1961 losa grp 000 0 eng  ac2400a297.1977bASA aAsad, Muhammad aPrinciples of State and Government in Islam aLos Angeles bUniversity of Californiac1961 a107p aincludes index and biblioraphy aIslam and State1 aAsad, Muhammad bSRS cBK 001040708StackRoom-aHMIbHMId2007-07-13g24.00l0o297.1977 ASAp03295r2007-07-13v24.00w2005-05-24yBK c2403d2403